| 000 | 00608nam a2200205Ia 4500 | ||
|---|---|---|---|
| 005 | 20240206113057.0 | ||
| 008 | 131103s9999 xx 000 0 und d | ||
| 040 | _aLoreto College | ||
| 041 | _aEnglish | ||
| 082 |
_a370.15 _bMAL |
||
| 100 | _aMaltby,Florence | ||
| 245 |
_aEducational Psychology, _bAn Australian and New Zealand Perspective, _cFlorence Maltby |
||
| 260 |
_aBrisbone _bJohn Wiley & Sons _c1995 |
||
| 300 |
_axiv,712 p. _b illus.,charts,dia.,fig.,photos,tables |
||
| 650 | _aEducation | ||
| 651 | _aEducational Psychology | ||
| 700 | _aGage,N.L. | ||
| 850 | _aLCLIB | ||
| 942 | _cBK | ||
| 999 |
_c11178 _d61657 |
||